まいまいまいごえん 登場園児名 - Statistics

General Stats
  • This quiz has been taken 6 times
  • The average score is 14 of 16
Answer Stats
Birthday Name % Correct
5/12 ヒカル
100%
7/21 ダイゴロウ
100%
9/9 カナタ
100%
12/19 ゾーヤ
100%
3/25 マリア
100%
8/31 シンタ
83%
10/20 ハヤテ
83%
5/3 ライオン
83%
7/9 ライム
83%
1/6 ユズリハ
83%
4/20 マモル
83%
2/16 リンリン
83%
6/14 ワタル
83%
12/25 ダイヤ
83%
11/23 アキ
83%
11/4 マドカ
67%
No matching quizzes found
Score Distribution
Percent of People with Each Score
Percentile by Number Answered
Your Score History
You have not taken this quiz